000 00848 a2200253 4500
005 20251229121601.0
008 251229b |||||||| |||| 00| 0 eng d
020 _a9781041034674 (hbk)
037 _cTB
040 _aCRL
_cCRL
041 _2eng
_aeng
084 _aW.2 R5
_qCRL
245 _aDilemma in politics:
_bissues, values and debates in the contemporary world
260 _aLondon, UK;
_aNew York, USA:
_bRoutledge,
_c2025.
300 _axv, 215p.
365 _b1295.00
_cINR
650 _aPolitical Science
_9860007
650 _aPolitics
_9860008
650 _aEcology
_9860009
650 _aFeminism
_9860010
700 _aSaxena, Ravi
_eeditor.
_9860011
942 _cTB
_2CC
_n0
_hW.2 R5
999 _c1435338
_d1435338